[Event "Lost Boys Open"]
[Site "Amsterdam NED"]
[Date "2000.08.12"]
[Round "2"]
[White "Konings,F"]
[Black "Ramesh,R"]
[Result "1/2-1/2"]
[WhiteElo "2162"]
[BlackElo "2450"]

1.Nf3 Nf6 2.d4 g6 3.c4 Bg7 4.Nc3 O-O 5.e4 d6 6.Be2 e5 7.d5 a5 8.Bg5 Na6 9.Nd2 Qe8
10.g4 Nd7 11.Nf1 Ndc5 12.Ng3 c6 13.Qd2 Nb4 14.O-O cxd5 15.cxd5 Bd7 16.Kh1 b5
17.Rg1 Kh8 18.Rg2 Nba6 19.Bh6 Rg8 20.Rag1 b4 21.Nd1 Qe7 22.Bxg7+ Rxg7 23.Qh6 Rag8
24.Ne3 Nc7 25.h4 Ne8 26.Qg5 Qf8 27.Qd8 a4 28.Rc1 f6 29.h5 b3 30.a3 f5 31.exf5 gxf5
32.Nexf5 Bxf5 33.Nxf5 Rd7 34.Qh4 Nf6 35.Ne3 Nfe4 36.g5 Rf7 37.f3 Rf4 38.Rg4 Rxf3
39.Rxe4 Nxe4 40.Qxe4 Rf4 41.Qg2 Rh4+ 42.Kg1 Qf4 43.Rc3 Rxg5  1/2-1/2

[Event "Lost Boys Open"]
[Site "Amsterdam NED"]
[Date "2000.08.12"]
[Round "2"]
[White "Sundararajan,K"]
[Black "Jens,J"]
[Result "1-0"]
[WhiteElo "2404"]
[BlackElo "2280"]

1.d4 Nf6 2.c4 g6 3.Nc3 Bg7 4.e4 d6 5.Nf3 O-O 6.Be2 e5 7.Be3 Ng4 8.Bg5 f6
9.Bh4 Nc6 10.d5 Ne7 11.Nd2 h5 12.O-O c5 13.Rb1 g5 14.Bg3 f5 15.exf5 Nf6 16.Bxh5 Bxf5
17.Be2 Bxb1 18.Qxb1 Qd7 19.Nde4 Bh6 20.Nxf6+ Rxf6 21.Ne4 Rff8 22.h3 Kg7 23.Bg4 Qd8
24.Re1 Ng6 25.Bh5 Rf6 26.Nxf6 Qxf6 27.b4 cxb4 28.Qxb4 b6 29.Qa4 Qe7 30.Bxg6 Kxg6
31.Qc6  1-0

[Event "Lost Boys Open"]
[Site "Amsterdam NED"]
[Date "2000.08.13"]
[Round "3"]
[White "Van Dongen,C"]
[Black "De Jong,M"]
[Result "0-1"]
[WhiteElo "2135"]
[BlackElo "2276"]

1.c4 g6 2.Nc3 Bg7 3.Nf3 Nf6 4.e4 d6 5.d4 O-O 6.Be2 Na6 7.O-O e5 8.d5 Nc5
9.Bg5 h6 10.Bxf6 Qxf6 11.b4 Nd7 12.Rc1 Qe7 13.c5 a6 14.c6 Nf6 15.cxb7 Bxb7
16.b5 axb5 17.Bxb5 Ra3 18.Nd2 h5 19.Nc4 Rxc3 20.Rxc3 Nxe4 21.Rc2 Ra8 22.a4 f5
23.Qa1 Bxd5 24.a5 Nc5 25.a6 Nb3 26.Qd1 Nd4 27.Rc3 Be6 28.Na3 e4 29.Qc1 c5
30.Rg3 Kh7 31.Qd1 Nxb5  0-1

[Event "TCh-ESP"]
[Site "Barcelona ESP"]
[Date "2000.08.13"]
[Round "9"]
[White "San Segundo Carrillo,P"]
[Black "Herraiz Lopez,H"]
[Result "1/2-1/2"]
[WhiteElo "2500"]
[BlackElo "2415"]

1.Nf3 Nf6 2.c4 g6 3.Nc3 Bg7 4.e4 d6 5.d4 O-O 6.Be2 e5 7.Be3 Na6 8.O-O Ng4
9.Bg5 Qe8 10.Re1 exd4 11.Nxd4 Qe5 12.Nf3 Qc5 13.Bh4 f5 14.Na4 Qa5 15.Nd4 Qe5
16.Bxg4 fxg4 17.Nb5 Be6 18.Rc1 Rf7 19.b3 Nc5 20.Bg3 Qg5 21.Nxc5 Qxc5 22.Qd2 a6
23.Nc3 Raf8 24.Nd5 Qd4 25.Qxd4 Bxd4 26.Re2 h5 27.Rd1 Ba7 28.e5 dxe5 29.Rdd2 Bxd5
30.cxd5 Re8 31.Re4 Rf5 32.Rde2 Kf7 33.Rxe5 Rexe5 34.Bxe5 Bb6 35.h3 gxh3 36.gxh3 g5
37.Kg2 Kg6 38.f3  1/2-1/2

[Event "FSELOA August"]
[Site "Budapest HUN"]
[Date "2000.08.13"]
[Round "9"]
[White "Mihok,L"]
[Black "Suranyi,P"]
[Result "1/2-1/2"]
[WhiteElo "2205"]
[BlackElo "2136"]

1.d4 Nf6 2.c4 g6 3.Nc3 Bg7 4.e4 d6 5.Nf3 O-O 6.Be2 e5 7.dxe5 dxe5 8.Qxd8 Rxd8
9.Bg5 Re8 10.Nd5 Nxd5 11.cxd5 c6 12.Bc4 cxd5 13.Bxd5 Nd7 14.Rc1 h6 15.Be3 Nf6  1/2-1/2

[Event "Lost Boys Open"]
[Site "Amsterdam NED"]
[Date "2000.08.14"]
[Round "4"]
[White "Shchekachev,A"]
[Black "Molinari,G"]
[Result "1-0"]
[WhiteElo "2503"]
[BlackElo "2121"]

1.Nf3 Nf6 2.c4 g6 3.Nc3 Bg7 4.e4 d6 5.d4 O-O 6.Be2 Nbd7 7.O-O e5 8.Qc2 exd4
9.Nxd4 Re8 10.Be3 Ne5 11.Rad1 b6 12.f3 Bb7 13.Rfe1 a6 14.Qd2 Nc6 15.Nc2 Qc8
16.Bh6 Bh8 17.Kh1 Nd7 18.Bf1 Nc5 19.Ne3 Nd4 20.Ned5 Nce6 21.Qf2 Qd8 22.Bd3 b5
23.a3 c6 24.Ne3 Rb8 25.Qg3 Nc5 26.Bb1 bxc4 27.Bg5 Qc7 28.Nxc4 Nce6 29.Bh4 d5
30.Nd6 Rf8 31.Ba2 Ba8 32.exd5 cxd5 33.Nxd5 Bxd5 34.Bxd5 Rxb2 35.Nxf7 Rxf7
36.Bxe6 Nxe6 37.Rxe6 Bg7 38.Rxa6 Qc2 39.Re1 Bc3 40.Ra8+ Kg7 41.h3 Qf5 42.Rd1 Be5
43.Qg5 Qxg5 44.Bxg5 h6 45.Be3 Rc7 46.Ra5 Bf6 47.Ra6 Ra2 48.Bxh6+ Kxh6 49.Rxf6 Rxa3
50.Rdd6 Rg7 51.Kh2 Ra5 52.g4 Rb5 53.Kg3 Ra5 54.h4 Kh7 55.Rf8 Rb5 56.Re6 Ra5
57.Kf4 Rb7 58.Rff6 Rg7 59.Re5 Ra3 60.Kg5 Ra1 61.f4 Rf1 62.Ree6  1-0

[Event "Paul Keres mem"]
[Site "Tallinn EST"]
[Date "2000.08.15"]
[Round "2"]
[White "Korchagin,O"]
[Black "Kochyev,A"]
[Result "0-1"]
[WhiteElo "2176"]
[BlackElo "2422"]

1.d4 Nf6 2.c4 g6 3.Nc3 Bg7 4.e4 d6 5.Nf3 O-O 6.Be2 e5 7.O-O Nbd7 8.Re1 c6
9.Bf1 Qb6 10.d5 Nc5 11.Rb1 cxd5 12.cxd5 Ng4 13.b4 Nxf2 14.Qc2 Ncxe4 15.Nxe4 Ng4+
16.Kh1 f5 17.Nc5 e4 18.h3 exf3 19.hxg4 dxc5 20.bxc5 Qd8 21.g3 f4 22.Bxf4 f2
23.Red1 Bxg4 24.Bd6 Qg5 25.Qc1 Qh5+  0-1

[Event "ECh-u20"]
[Site "Aviles ESP"]
[Date "2000.08.18"]
[Round "3"]
[White "Ortega Ruiz,J"]
[Black "Bitansky,I"]
[Result "1/2-1/2"]
[WhiteElo "2255"]
[BlackElo "2359"]

1.d4 Nf6 2.c4 g6 3.Nc3 Bg7 4.e4 d6 5.Nf3 O-O 6.Be2 Nbd7 7.O-O e5 8.Be3 c6
9.d5 c5 10.Ne1 h5 11.Bg5 a6 12.Qd2 Qe8 13.Bh6 Qe7 14.a4 Ng4 15.Bxg4 hxg4
16.f3 Bxh6 17.Qxh6 Nf6 18.a5 Rb8 19.f4 exf4 20.Nd3 Nxe4 21.Nxe4 Qxe4 22.Nxf4 Bf5
23.Rf2 Rbe8 24.Raf1 Qd4 25.Qg5 Re4 26.g3 Qe3 27.Qf6 Rxc4 28.Qxd6 Rc2 29.Ng2 Qd4
30.Qf4 Rxf2 31.Qxf2 Qxd5 32.Ne3 Qe6 33.Nxf5 Qxf5 34.Qxf5 gxf5 35.Rxf5 Rd8
36.Rxc5 Rd1+ 37.Kf2 Rd2+ 38.Kg1 Rxb2 39.Rg5+ Kf8 40.Rxg4 Rb5 41.Ra4 Ke7 42.h4 Kf6  1/2-1/2

[Event "ECh-u20"]
[Site "Aviles ESP"]
[Date "2000.08.19"]
[Round "4"]
[White "Cheparinov,I"]
[Black "Kallio,H"]
[Result "0-1"]
[WhiteElo "2189"]
[BlackElo "2451"]

1.d4 d6 2.Nf3 Nf6 3.c4 g6 4.Nc3 Bg7 5.e4 O-O 6.Be2 e5 7.Be3 exd4 8.Nxd4 Re8
9.f3 c6 10.Bf2 d5 11.exd5 cxd5 12.c5 Nc6 13.O-O Nh5 14.Qd2 Be5 15.g3 Nf6
16.Rfd1 Qe7 17.Bf1 h5 18.Nxc6 bxc6 19.Bd4 Nd7 20.Rac1 h4 21.Ne2 Ba6 22.Bxe5 Nxe5
23.Nd4 Bxf1 24.Rxf1 hxg3 25.hxg3 Nc4 26.Qf2 Qf6 27.Rfe1 Ne5 28.Rc3 Re7 29.Rce3 Rae8
30.Qe2 Nxf3+  0-1

[Event "ch-ESP"]
[Site "Barcelona ESP"]
[Date "2000.08.19"]
[Round "2"]
[White "Chiva Vega,F"]
[Black "Herraiz Lopez,H"]
[Result "1/2-1/2"]
[WhiteElo "2215"]
[BlackElo "2415"]

1.d4 Nf6 2.c4 g6 3.Nc3 Bg7 4.e4 O-O 5.Nf3 d6 6.Be2 e5 7.Be3 Na6 8.O-O Ng4
9.Bg5 Qe8 10.dxe5 dxe5 11.h3 h6 12.Bc1 Nf6 13.Be3 Qe7 14.a3 c6 15.b4 Nh5
16.Re1 Nf4 17.Bf1 Qf6 18.Ra2 Rd8 19.Rd2 Rxd2 20.Qxd2 Be6 21.Bxf4 Qxf4 22.Qxf4 exf4
23.e5 Nc7 24.Ne4 a5 25.Nd6 axb4 26.axb4 b6 27.Bd3 Ra3 28.Be4 Rc3 29.Bxc6 Bxc4
30.b5 Bd3 31.Ra1 Rc5 32.Nb7 Rc3 33.Nd6 Be2 34.Ra7 Bxf3 35.Rxc7 Bxc6 36.Rc8+ Kh7
37.Rxc6 Bxe5 38.Rxc3 Bxc3 39.Nxf7 Kg7 40.Nd6 Bd4 41.Kf1 Kf6 42.Ke2 Ke5 43.Nf7+ Kd5
44.Nxh6 Kc5 45.Ng4 Kxb5 46.Kd3 Kc5 47.g3 f3 48.Nh2 Bxf2 49.g4 Bg3 50.Nxf3 Kd5
51.h4  1/2-1/2

[Event "ch-ESP"]
[Site "Barcelona ESP"]
[Date "2000.08.19"]
[Round "2"]
[White "Del Rio Angelis,S"]
[Black "Bueno Abalo,M"]
[Result "1-0"]
[WhiteElo "2467"]
[BlackElo "2230"]

1.d4 Nf6 2.Nf3 g6 3.c4 Bg7 4.Nc3 d6 5.e4 O-O 6.Be2 c6 7.O-O e5 8.Re1 Nbd7
9.Bf1 exd4 10.Nxd4 Re8 11.Nb3 a5 12.a4 Ne5 13.f4 Nfg4 14.fxe5 Qh4 15.h3 Qf2+
16.Kh1 Qg3 17.hxg4 Bxe5 18.Kg1 Bxg4 19.Be2 Bh3 20.Bf3 Re6 21.Ne2 Qh2+ 22.Kf2 Rf6
23.Bf4 Bxf4 24.Rh1 Bg3+ 25.Ke3 Rxf3+ 26.gxf3 Qf2+ 27.Kd2 Bg2 28.Rf1 Bxf1
29.Qxf1 Qb6 30.Kc2 Be5 31.f4 Bg7 32.Rd1 Qb4 33.Ng3 Qxa4 34.Rxd6 Qb4 35.Qd3 Bf8
36.Rd7 a4 37.Nc1 a3 38.Qb3 axb2 39.Kxb2 Qd2+  1-0

[Event "Paul Keres mem"]
[Site "Tallinn EST"]
[Date "2000.08.19"]
[Round "6"]
[White "Smirnov,Ar"]
[Black "Kochyev,A"]
[Result "1/2-1/2"]
[WhiteElo "2225"]
[BlackElo "2422"]

1.d4 Nf6 2.c4 g6 3.Nc3 Bg7 4.e4 d6 5.Nf3 O-O 6.Be2 e5 7.O-O Nbd7 8.Be3 Qe7
9.Qc2 exd4 10.Nxd4 c6 11.Rad1 Re8 12.Bg5 Nc5 13.f3 a5 14.Rfe1 a4  1/2-1/2

[Event "XVIII Rapidplay Open"]
[Site "Villarrobledo ESP"]
[Date "2000.08.19"]
[Round "5"]
[White "Pelletier,Y"]
[Black "Hernandez,Gi"]
[Result "1/2-1/2"]
[WhiteElo "2474"]
[BlackElo "2572"]

1.Nf3 d6 2.d4 Nf6 3.c4 g6 4.Nc3 Bg7 5.e4 O-O 6.Be2 Na6 7.O-O e5 8.Bg5 exd4
9.Nxd4 Re8 10.f3 c6 11.Qd2 Nc5 12.Kh1 a5 13.Rad1 a4 14.Rfe1 Qa5 15.Bf4 Bf8
16.Nc2 Be6 17.Bxd6 Red8 18.Nd5 cxd5 19.Qxa5 Rxa5 20.Bc7 Raa8 21.Bxd8 Rxd8
22.cxd5 Bd7 23.e5 Nh5 24.g3 Re8 25.Bf1 g5 26.Re3 Bg7 27.Rde1 b6 28.Nd4 Bc8
29.Bb5 Bd7 30.Kg2 Bxb5 31.Nxb5 Bf8 32.Kh3 Ng7 33.g4 Rd8 34.Nc7 Rc8 35.d6 Nge6
36.Nd5 Rb8 37.Kg3 h6 38.h4 Bg7 39.hxg5 hxg5 40.f4 gxf4+ 41.Nxf4 Nd7 42.Nh5 Bh8
43.Kh4 Rc8 44.Re4 Rc5 45.Rxa4 Bxe5 46.Ra8+ Kh7 47.Ra7 Nef8 48.Rf1 Kg8 49.Ng3 Rc2
50.Ne4 Rh2+ 51.Kg5 Ne6+ 52.Kf5 Ng7+ 53.Kg5 Ne6+  1/2-1/2

[Event "ECh-u20"]
[Site "Aviles ESP"]
[Date "2000.08.20"]
[Round "5"]
[White "Iljushin,A"]
[Black "Stryjecki,M"]
[Result "1-0"]
[WhiteElo "2509"]
[BlackElo "2405"]

1.d4 Nf6 2.c4 g6 3.Nc3 Bg7 4.e4 d6 5.Be2 O-O 6.Nf3 e5 7.Be3 Ng4 8.Bg5 f6
9.Bh4 g5 10.Bg3 Nh6 11.d5 Nd7 12.Nd2 f5 13.exf5 Nf6 14.Nde4 Nxe4 15.Nxe4 Bxf5
16.Bd3 Qe8 17.O-O Qg6 18.Re1 Kh8 19.c5 c6 20.dxc6 d5 21.cxb7 Rad8 22.Nxg5 Qxg5
23.c6 Qe7 24.Rc1 Qc7 25.Rc5 Bxd3 26.Qxd3 Nf5 27.Rxd5 Ne7 28.Rd7 Qa5 29.b4 Qb6
30.b5 Rde8 31.Rxe5 Nxc6 32.Rxg7 Kxg7 33.Qd7+ Rf7 34.Qxe8  1-0

[Event "ECh-u20 Girls"]
[Site "Aviles ESP"]
[Date "2000.08.20"]
[Round "5"]
[White "Radziewicz,I"]
[Black "Calotescu,C"]
[Result "1-0"]
[WhiteElo "2379"]
[BlackElo "2222"]

1.Nf3 Nf6 2.c4 g6 3.Nc3 Bg7 4.e4 d6 5.d4 O-O 6.Be2 e5 7.O-O exd4 8.Nxd4 Re8
9.f3 Nc6 10.Be3 Nh5 11.f4 Nf6 12.Bf3 Bd7 13.h3 Nxd4 14.Bxd4 Bc6 15.Qd3 a5
16.Rad1 Nd7 17.Bxg7 Nc5 18.Qc2 Kxg7 19.e5 Bxf3 20.Rxf3 Qd7 21.exd6 c6 22.Na4 Nxa4
23.Qxa4 Qf5 24.d7 Red8 25.Rfd3 Qxf4 26.Qb3 Rab8 27.c5 Qe5 28.Qb6 a4 29.Kh1 Qe6
30.a3 Qc4 31.Rd4 Qc2 32.R1d2 Qf5 33.Qb4 Kg8 34.Qc3 Qf1+ 35.Kh2 Qf5 36.Rd1 Qe5+
37.Kh1 Qf5 38.Rd6 Qg5 39.Qd4 Qf5 40.Qe3 Kf8 41.R1d2 Qf1+ 42.Kh2 Qc4 43.Qe5 Kg8
44.R2d4 Qc2 45.Rf4 Ra8 46.Qe7 Qb3 47.h4 f5 48.Qg5 Qf7 49.h5 Kg7 50.Rh4 Rxd7
51.hxg6  1-0

[Event "Open"]
[Site "Collado Villalba ESP"]
[Date "2000.08.20"]
[Round "8"]
[White "Pogorelov,R"]
[Black "Moreno,J"]
[Result "1/2-1/2"]
[WhiteElo "2445"]
[BlackElo "2515"]

1.Nf3 Nf6 2.c4 g6 3.Nc3 Bg7 4.e4 d6 5.d4 O-O 6.Be2 e5 7.O-O Na6 8.Be3 Ng4
9.Bg5 Qe8 10.dxe5 dxe5 11.h3 h6 12.Bd2 Nf6 13.Be3 Nh5 14.c5 Nf4 15.Bb5 Qe6
16.Re1 Kh8 17.Bf1 g5 18.Nd2 Qg6 19.Be2 f5 20.exf5 Bxf5 21.Qb3 Bc2 22.Qxb7 Nxe2+
23.Nxe2 Rab8 24.Qd5 Nb4 25.Qd7 Rf7 26.Qg4 Bf5 27.Qg3 Nc2 28.Rac1 Nxe1 29.Rxe1 Qa6
30.b3 Qxa2 31.Nc3 Qc2 32.Ncb1 Rxb3 33.Nxb3 Qxb3 34.Nd2 Qd5 35.Qf3 e4 36.Qe2 Kh7
37.Nf1 Bg6 38.Rd1 Qc6 39.Qa2 a6 40.Rd8 Rf8 41.Rd2 Bf7 42.Qc2 Bg6 43.Qc4 Qb5
44.Qd5 c6 45.Qd6 Rf6 46.Qd8 Rf8 47.Qd6 Rf6 48.Qd8 Rf8  1/2-1/2

[Event "ECh-u20"]
[Site "Aviles ESP"]
[Date "2000.08.21"]
[Round "6"]
[White "Poliakov,D"]
[Black "Bekker Jensen,S"]
[Result "1/2-1/2"]
[WhiteElo "2262"]
[BlackElo "2388"]

1.d4 Nf6 2.Nf3 g6 3.c4 Bg7 4.Nc3 O-O 5.e4 d6 6.Be2 e5 7.O-O Na6 8.Be3 Ng4
9.Bg5 Qe8 10.dxe5 dxe5 11.h3 h6 12.Bd2 Nf6  1/2-1/2

[Event "zt 2.32"]
[Site "Guatemala City GUA"]
[Date "2000.08.21"]
[Round "7"]
[White "Bermudez,S"]
[Black "Izaba,R"]
[Result "0-1"]
[WhiteElo "2185"]
[BlackElo "2229"]

1.d4 Nf6 2.c4 g6 3.Nc3 Bg7 4.e4 d6 5.Nf3 O-O 6.Be2 e5 7.O-O Nbd7 8.Re1 c6
9.Bf1 Re8 10.d5 Nf8 11.b3 Bg4 12.h3 Bxf3 13.Qxf3 c5 14.Bd2 a6 15.g3 N6d7
16.h4 Rb8 17.Rec1 Nf6 18.a3 N8d7 19.b4 b6 20.b5 a5 21.Bh3 Nh5 22.Kh2 Rf8
23.Qe2 Kh8 24.Bg4 Nhf6 25.Bf3 Ng8 26.h5 Bh6 27.hxg6 fxg6 28.Kg2 Rf6 29.Rh1 Bxd2
30.Qxd2 Nf8 31.Bg4 Rb7 32.Raf1 Qe7 33.f3 Rf7 34.Nd1 Qf6 35.Qe3 h5 36.Bh3 Rbe7
37.Kf2 Qg7 38.Ke2 Qh6 39.Kd3 Qxe3+ 40.Nxe3 Nf6 41.Nd1 Kg7 42.Nc3 h4 43.gxh4 Nh5
44.Ne2 Nf4+ 45.Nxf4 Rxf4 46.Bg4 Kh6 47.Ke3 Nh7 48.Rfg1 Ref7 49.Rh3 Nf6 50.Rgg3 Rf8
51.Rg1 Rf7 52.Be6 Rg7 53.Rg5 Nh5 54.Bg4 Nf6 55.Rg3 Nh7 56.Rh3 Rf8 57.Be6 Nxg5
58.hxg5+ Kxg5 59.Rg3+ Kf6 60.f4 exf4+ 61.Kxf4 g5+ 62.Ke3 Ke5 63.Bg4 Rf4 64.Bf5 g4
65.Rg1 g3 66.Rh1 g2  0-1

[Event "5th Paks Cup IM"]
[Site "Paks HUN"]
[Date "2000.08.21"]
[Round "3"]
[White "Friedrichs,K"]
[Black "Bogdan,D"]
[Result "1/2-1/2"]
[WhiteElo "2248"]
[BlackElo "2331"]

1.d4 g6 2.e4 Bg7 3.c4 d6 4.Nc3 Nf6 5.Nf3 O-O 6.Be2 Nbd7 7.O-O e5 8.Re1 a5
9.Bf1 Re8 10.Rb1 c6 11.d5 Nc5 12.b3 Bd7 13.a3 a4 14.b4 Nb3 15.dxc6 Bxc6 16.Bb2 b6
17.Bd3 Nd4 18.Nxd4 exd4 19.Nd5 Nxd5 20.cxd5 Bd7 21.Bc2 Qg5 22.Bxd4 Bg4 23.Qd3 Bf3
24.g3 Bxd4 25.Qxd4 Qg4  1/2-1/2

[Event "Open"]
[Site "Polanica Zdroj POL"]
[Date "2000.08.21"]
[Round "5"]
[White "Agamaliev,G"]
[Black "Maciejewski,M"]
[Result "0-1"]
[WhiteElo "2520"]
[BlackElo "2330"]

1.d4 Nf6 2.Nf3 g6 3.c4 Bg7 4.Nc3 O-O 5.e4 d6 6.Be2 e5 7.d5 a5 8.Bg5 h6 9.Bh4 Na6
10.Nd2 Qe8 11.a3 Bd7 12.b3 Nh7 13.O-O h5 14.f3 Bh6 15.Kh1 Be3 16.Ra2 f5 17.exf5 gxf5
18.Qb1 Qg6 19.b4 axb4 20.axb4 Kh8 21.Nd1 Bg5 22.Bxg5 Nxg5 23.Re1 Rg8 24.Bf1 Nh3
25.Nb3 Nf4 26.b5 Nb4 27.Rxa8 Rxa8 28.Nc1 Rg8 29.Ne3 Nh3 30.Re2 e4 31.Qxb4 exf3
32.Ra2 f2 33.Nd1 Qxg2+  0-1

[Event "MSO Ron Banwell mem"]
[Site "London ENG"]
[Date "2000.08.22"]
[Round "3"]
[White "Gormally,D"]
[Black "Simutowe,A"]
[Result "1-0"]
[WhiteElo "2499"]
[BlackElo "2322"]

1.d4 Nf6 2.Nf3 g6 3.c4 Bg7 4.Nc3 O-O 5.e4 d6 6.Be2 e5 7.O-O Nbd7 8.Qc2 Nh5
9.Rd1 Nf4 10.Bf1 c5 11.Nb5 Qb6 12.a4 cxd4 13.a5 Qd8 14.b4 Qf6 15.Bxf4 Qxf4
16.Nxd6 Rd8 17.c5 Bf8 18.Ra3 Bxd6 19.cxd6 Nf6 20.Re1 Ne8 21.Qc5 f6 22.Bc4+ Kg7
23.g3 Qh6 24.Nxe5 Qh5 25.Nf7 Qxc5 26.bxc5 Rd7 27.e5 Rxf7 28.e6 Rf8 29.Bb5 f5
30.e7 Rh8 31.Rd3 b6 32.Bxe8 Rxe8 33.c6 Kf7 34.Rxd4 bxa5 35.Re3 Be6 36.d7 Rxe7
37.d8=Q Rxd8 38.Rxd8 Rc7 39.Rd6 Bc8 40.Rc3 a4 41.Rd4 Ba6 42.Rc5 a3 43.Ra4 Be2
44.Rxa3 a6 45.Rd5 Rxc6 46.Rd7+ Kf6 47.Rxh7 Rc1+ 48.Kg2 Bf1+ 49.Kf3 Bc4 50.Rd7 Ke6
51.Rd2 Bb5 52.Kf4 Kf6 53.Rd6+ Kf7 54.Kg5 Rc2 55.Re3 Rc6 56.Rxc6 Bxc6 57.Rc3 Be8
58.Rc7+ Ke6 59.Ra7  1-0

[Event "Open"]
[Site "Porto San Giorgio ITA"]
[Date "2000.08.23"]
[Round "4"]
[White "Grigore,G"]
[Black "Termeulen,A"]
[Result "1-0"]
[WhiteElo "2508"]
[BlackElo "2242"]

1.d4 Nf6 2.c4 g6 3.Nc3 Bg7 4.e4 O-O 5.Be2 d6 6.Nf3 Nbd7 7.O-O e5 8.Re1 c6
9.Bf1 Ng4 10.h3 exd4 11.Nxd4 Qb6 12.hxg4 Bxd4 13.Re2 Be5 14.Be3 Qd8 15.g5 Nc5
16.Qc2 Re8 17.Rd1 Ne6 18.Qc1 Qe7 19.f4 Nxf4 20.Bxf4 Bg4 21.Rd3 Bxe2 22.Bxe2 Rad8
23.Be3 h6 24.gxh6 Qh4 25.Bg5 Qh2+ 26.Kf1 Bg3 27.Qe3 f6 28.Qxg3 Qh1+ 29.Kf2 fxg5
30.Qxg5 Kh7 31.Rg3 Qxh6 32.Rh3  1-0

[Event "Open"]
[Site "Porto San Giorgio ITA"]
[Date "2000.08.23"]
[Round "4"]
[White "Naumkin,I"]
[Black "Scalcione,M"]
[Result "1-0"]
[WhiteElo "2440"]
[BlackElo "2239"]

1.d4 Nf6 2.Nf3 g6 3.c4 Bg7 4.Nc3 O-O 5.e4 d6 6.Be2 e5 7.d5 a5 8.Bg5 h6 9.Bh4 Na6
10.O-O Qe8 11.Nd2 Bd7 12.b3 Nh7 13.a3 f5 14.exf5 gxf5 15.Bh5 Qc8 16.Be7 Re8
17.Bxe8 Qxe8 18.Bh4 e4 19.Rc1 Nc5 20.Rc2 Kh8 21.Ne2 Be5 22.Bg3 Nd3 23.f3 Qg6
24.fxe4 fxe4 25.Bxe5+ dxe5 26.Ng3 Bg4 27.Qa1 Ng5 28.Qc3 e3 29.Nde4 e2 30.Qxd3 exf1=Q+
31.Kxf1 Rf8+ 32.Rf2 Rf4 33.Rxf4 exf4 34.Qd4+ Qg7 35.Qxg7+ Kxg7 36.Nxg5 fxg3
37.h3 Bd1 38.Ne6+ Kf6 39.Nxc7 Bxb3 40.c5 Bc4+ 41.Ke1 Ke7 42.d6+ Kd7 43.h4 Kd8
44.Kd2 Bf1 45.Ke3 Bxg2 46.Kf4 Kd7 47.Kxg3 Bc6 48.Kf4 b6 49.Ke5 bxc5 50.Na6 Bf3
51.Nxc5+ Kd8 52.Nb3 a4 53.Nc5 Bd1 54.Kf6 h5 55.Ke5 Ke8 56.Kd5 Kd8 57.Kc6 Bf3+
58.Kb5 Bd1 59.Kb6 Kc8 60.d7+ Kd8 61.Kc6 Bf3+  1-0

[Event "ch-ESP"]
[Site "Barcelona ESP"]
[Date "2000.08.24"]
[Round "6"]
[White "Oms Pallise,J"]
[Black "De la Cruz Sanchez,G"]
[Result "1-0"]
[WhiteElo "2430"]
[BlackElo "2260"]

1.d4 Nf6 2.c4 g6 3.Nc3 Bg7 4.e4 d6 5.Be2 O-O 6.Nf3 e5 7.O-O exd4 8.Nxd4 Re8
9.f3 Nc6 10.Be3 Nh5 11.Qd2 Nf4 12.Rfd1 Be5 13.Bxf4 Nxd4 14.Bg5 Nxe2+ 15.Nxe2 Bf6
16.Bxf6 Qxf6 17.Nc3 Be6 18.Nd5 Bxd5 19.cxd5 c5 20.dxc6 bxc6 21.Qd4 Qxd4+
22.Rxd4 Re6 23.Rc1 c5 24.Rd5 Rb8 25.b3 Rb6 26.g4 f6 27.Rcd1 Kf7 28.h4 h6
29.Kf2 Ke7 30.Ke3 Ra6 31.R1d2 Rb6 32.Rc2 Re5 33.Rcd2 Re6 34.Kf4 Re5 35.g5 fxg5+
36.hxg5 Rxd5 37.Rxd5 h5 38.Ke3 Ke6 39.Rd2 Rb8 40.f4 Rf8 41.Kf3 Rb8 42.Rd5 Rf8
43.Kg3 Rf7 44.Rd1 Rb7 45.Rc1 Rb4 46.Rc4 Rb7 47.Ra4 Rb4 48.Rxa7 Rxe4 49.Rg7 Re3+
50.Kf2 Rc3 51.Rxg6+ Ke7 52.f5 Rc2+ 53.Kf3 Rxa2 54.Rg7+ Kf8 55.Rh7 Rb2 56.g6 Rxb3+
57.Kf4 Rb4+ 58.Kg5 d5 59.f6 Kg8 60.f7+ Kf8 61.Rh8+  1-0

[Event "ch-ESP"]
[Site "Barcelona ESP"]
[Date "2000.08.24"]
[Round "6"]
[White "Baches Garcia,G"]
[Black "Tattersall,L"]
[Result "1/2-1/2"]
[WhiteElo "2393"]
[BlackElo "2258"]

1.d4 Nf6 2.c4 g6 3.Nc3 Bg7 4.e4 d6 5.Nf3 O-O 6.Be2 e5 7.d5 a5 8.Bg5 h6 9.Bh4 Na6
10.Nd2 Qe8 11.O-O Nh7 12.a3 Bd7 13.b3 h5 14.f3 Bh6 15.Rb1 Be3+ 16.Kh1 Bc5
17.Qc1 f5 18.exf5 gxf5 19.Bf2 Nf6 20.Na2 Bxf2 21.Rxf2 Nc5 22.Qc2 e4 23.fxe4 fxe4
24.Rbf1 Qe7 25.Nb1 Ng4 26.Rxf8+ Rxf8 27.Rxf8+ Qxf8 28.h3 Nf2+ 29.Kg1 h4 30.Qd2 Qf6
31.Qe3 Ncd3 32.Nac3 Bf5 33.Bxd3 Nxd3 34.Ne2 Kh7 35.Nbc3 Qe5 36.Qg5 e3 37.Qxh4+ Kg7
38.Qg5+ Bg6 39.Qxe5+ Nxe5 40.Nd4 Kf6 41.Kf1 Bd3+ 42.Ke1 c5 43.dxc6 bxc6 44.Nd1 a4
45.bxa4 Nxc4 46.Nxe3 Nxe3 47.Kd2 Bf1 48.Kxe3 Bxg2 49.h4 c5 50.Nb5 Bc6 51.Nxd6 Bxa4
52.Kf4 Kg6 53.Ne4 c4 54.Nc3 Bc6 55.a4 Kh5 56.Kg3 Bd7 57.a5 Bc8 58.Ne2 Kh6
59.Nc3 Kh5 60.Na4 Bb7 61.Kf4 Kxh4 62.Ke5 Kg5 63.Kd6 Kf6 64.Nc3 Kf5 65.Kc5 Ke5
66.Nb5 Ba6 67.Kxc4 Ke6 68.Kc5 Bxb5 69.Kxb5 Kd7 70.Kb6 Kc8 71.a6 Kb8 72.a7+ Ka8
73.Ka6  1/2-1/2

[Event "Clasificatorio Abierto"]
[Site "Buenos Aires ARG"]
[Date "2000.08.24"]
[Round "6"]
[White "Albarran,G"]
[Black "Faig,C"]
[Result "0-1"]
[WhiteElo "2211"]
[BlackElo "2137"]

1.d4 Nf6 2.c4 g6 3.Nc3 Bg7 4.e4 d6 5.Nf3 O-O 6.Be2 e5 7.d5 a5 8.Bg5 h6 9.Bh4 Na6
10.Nd2 Qe8 11.O-O Nh7 12.a3 f5 13.exf5 gxf5 14.Bh5 Qd7 15.b4 Bf6 16.Bxf6 Nxf6
17.f4 e4 18.Nb3 Qg7 19.Be2 axb4 20.axb4 Bd7 21.Nd4 Nxb4 22.Rb1 Na6 23.Rxb7 Rfb8
24.Rxb8+ Rxb8 25.Ncb5 Nc5 26.Qa1 Kh7 27.Nxc7 Rg8 28.g3 h5 29.Nce6 Bxe6 30.dxe6 Qg6
31.Nc6 Rg7 32.Nd8 h4 33.Nf7 Nxe6 34.Nxd6 hxg3 35.h4 g2 36.Rf2 Qg3 37.Bf3 exf3
38.Qb1 Qh3 39.Qxf5+ Qxf5 40.Nxf5 Nxf4  0-1

[Event "MSO Ron Banwell mem"]
[Site "London ENG"]
[Date "2000.08.24"]
[Round "5"]
[White "Crouch,C"]
[Black "Rahman,Zia"]
[Result "0-1"]
[WhiteElo "2448"]
[BlackElo "2421"]

1.d4 Nf6 2.c4 g6 3.Nc3 Bg7 4.e4 d6 5.Nf3 O-O 6.Be2 e5 7.O-O Nbd7 8.Be3 Qe7
9.d5 Ng4 10.Bg5 f6 11.Bh4 Nh6 12.Nd2 Nf7 13.b4 Bh6 14.Nb3 Ng5 15.Kh1 Rf7
16.f3 Rg7 17.c5 f5 18.c6 Nf6 19.cxb7 Bxb7 20.Qc2 Bc8 21.Bd3 f4 22.Rac1 a6
23.Ne2 Ne8 24.Qc6 Rb8 25.Qa4 Qf8 26.Na5 Nxf3 27.gxf3 g5 28.Nc6 Ra8 29.Bf2 g4
30.fxg4 Bxg4 31.Ng1 Qf7 32.Rc2 Qh5 33.Be1 Nf6 34.Qb3 Kh8 35.Be2 Bxe2 36.Nxe2 Ng4
37.Ng1 Ne3 38.Rcf2 Rag8 39.Nf3 Qh3 40.Nfxe5 dxe5 41.Nxe5 f3 42.Qb2 Rf8 43.Rg1 Rxg1+
44.Kxg1 Bg7 45.Bc3 Nd1 46.Ng6+ hxg6 47.Bxg7+ Kg8  0-1

[Event "ECh-u20"]
[Site "Aviles ESP"]
[Date "2000.08.25"]
[Round "9"]
[White "Kallio,H"]
[Black "Smirnov,P"]
[Result "1/2-1/2"]
[WhiteElo "2451"]
[BlackElo "2487"]

1.d4 Nf6 2.c4 g6 3.Nc3 Bg7 4.e4 d6 5.Nf3 O-O 6.Be2 Nbd7 7.O-O e5 8.d5 Nc5
9.Bg5 h6 10.Bxf6 Qxf6 11.b4 Nd7 12.Ne1 Qd8 13.Rc1 f5 14.exf5 gxf5 15.c5 dxc5
16.bxc5 Nxc5 17.Nb5 Na6 18.Qc2 Kh8 19.Nxc7 Nxc7 20.Qxc7 Qxd5 21.Nf3 Be6 22.Bc4 Qd7
23.Bxe6 Qxe6 24.Qxb7 Qxa2 25.Rc7 Bf6 26.Nh4 Rab8 27.Qc6 Rb6 28.Qd7 Qg8 29.Nxf5 Bd8
30.Rxa7 Rbf6 31.Ne3 Bb6 32.Ra3 R8f7 33.Qd5 Qg5 34.Qc4 Bd4 35.Qe2 e4 36.Rb3 Rf3
37.Qd2 Bc5 38.h4 Qg7 39.Qc2 Bd6 40.Qxe4 R3f4 41.Qc6 Qf8 42.Rb6 R7f6 43.Nd5 Rxh4
44.g3 Rg6 45.Qc3+ Rg7 46.Rb7 Bxg3 47.Qxg7+ Qxg7 48.Rxg7 Bxf2+ 49.Kxf2 Kxg7
50.Kg3 Ra4 51.Nf4 Ra3+ 52.Kg4 Ra4 53.Rb1 h5+ 54.Kf5 Ra5+ 55.Ke4 h4 56.Rb7+ Kf6
57.Rb6+ Kf7 58.Rh6 Ra4+ 59.Ke5 Ra5+ 60.Nd5 Ra4 61.Kf5 Ra5 62.Rh7+ Kf8 63.Ke6 Ra6+
64.Ke5 Ra4 65.Nc7 Kg8 66.Rd7 h3 67.Rd2 Rh4 68.Rh2 Kf7 69.Nd5 Kg6 70.Ne3 Kg5
71.Rh1 h2 72.Nf1 Rh3 73.Nxh2 Kh4 74.Kf4 Kh5 75.Ke4 Kh4 76.Nf3+ Kg3 77.Rf1 Kg2
78.Nd2 Rh8 79.Rf7 Rg8 80.Ke3 Rg3+ 81.Nf3 Rg8  1/2-1/2

[Event "ch-ESP"]
[Site "Barcelona ESP"]
[Date "2000.08.25"]
[Round "7"]
[White "Fernandez de Pablo,M"]
[Black "Cenal Gutierrez,R"]
[Result "0-1"]
[WhiteElo "2211"]
[BlackElo "2280"]

1.e4 d6 2.d4 g6 3.c4 Bg7 4.Nc3 Nf6 5.Nf3 O-O 6.Be2 e5 7.dxe5 dxe5 8.Qxd8 Rxd8
9.Bg5 Re8 10.Nd5 Nxd5 11.cxd5 c6 12.Bc4 b5 13.Bb3 Bb7 14.O-O-O c5 15.d6 Nd7
16.Bd5 Bxd5 17.Rxd5 Rec8 18.Rhd1 Rc6 19.Be7 f6 20.Kb1 a5 21.Ng1 Kf7 22.Ne2 Bf8
23.Bxf8 Rxf8 24.Nc3 Rb8 25.a4 bxa4 26.Nxa4 Rb4 27.Nc3 Ke6 28.f3 Rcb6 29.R1d2 h5
30.Nd1 a4 31.Ka2 Rb3 32.Nf2 a3 33.Nd1 c4 34.Rc2 axb2 35.Rxb2 Rxb2+ 36.Nxb2 c3
37.Nd3 c2 38.Nc5+ Kf7  0-1

[Event "Open"]
[Site "Kiel GER"]
[Date "2000.08.25"]
[Round "7"]
[White "Dreesen,J"]
[Black "Schwarz,F"]
[Result "0-1"]
[WhiteElo "2119"]
[BlackElo "2211"]

1.d4 g6 2.c4 Bg7 3.Nc3 Nf6 4.e4 d6 5.Nf3 O-O 6.Be2 Nbd7 7.O-O e5 8.d5 Nc5
9.Qc2 a5 10.Ne1 Bd7 11.Be3 b6 12.f3 Nh5 13.Nd3 f5 14.b3 Nf6 15.a3 Nxd3 16.Bxd3 f4
17.Bf2 g5 18.b4 g4 19.Bh4 Qe8 20.c5 axb4 21.axb4 bxc5 22.bxc5 Qh5 23.Rxa8 Rxa8
24.Bxf6 Bxf6 25.Bb5 Bc8 26.cxd6 cxd6 27.Na4 Qf7 28.Qc6 Qa7+ 29.Kh1 Ba6 30.Bxa6 Qxa6
31.Qxa6 Rxa6 32.Nc3 h5 33.Nb5 Kg7 34.g3 Bg5 35.Kg2 Kg6 36.Nc7 Ra2+ 37.Rf2 gxf3+
38.Kxf3 Ra3+ 39.Kg2 Re3 40.Nb5 Rxe4 41.Nxd6 Rd4 42.Nc8 fxg3 43.hxg3 Rxd5
44.Rf8 Rd4 45.Rg8+ Kf5 46.Kh3 e4 47.Rf8+ Ke6 48.Rh8 e3 49.Kg2 Rd2+ 50.Kf1 Rh2
51.Re8+ Kf5 52.Nd6+ Kg4 53.Nf7 Rf2+  0-1